|
|
|
|
| LEADER |
00000nam0a2200000 4500 |
| 001 |
118653 |
| 005 |
20231101215502.0 |
| 035 |
|
|
|a (RuTPU)RU\TPU\book\128392
|
| 090 |
|
|
|a 118653
|
| 100 |
|
|
|a 20070615d1984 km y0rusy50 ca
|
| 101 |
0 |
|
|a rus
|
| 102 |
|
|
|a RU
|
| 105 |
|
|
|a a z 001zy
|
| 200 |
1 |
|
|a Квантовая химия твердого тела
|f В. А. Губанов, Э. З. Курмаев, А. Л. Ивановский
|g Академия наук СССР, Уральский научный центр, Институт химии ; под ред. С. В. Вонсовский
|
| 210 |
|
|
|a Москва
|c Наука
|d 1984
|
| 215 |
|
|
|a 304 с.
|c ил.
|
| 320 |
|
|
|a Библиография в конце глав.
|
| 606 |
1 |
|
|a Твердые тела
|x Квантовая химия
|2 stltpush
|3 (RuTPU)RU\TPU\subj\70645
|9 84850
|
| 610 |
1 |
|
|a молекулярные орбитали
|
| 610 |
1 |
|
|a электронная структура
|
| 610 |
1 |
|
|a тугоплавкие сплавы
|
| 610 |
1 |
|
|a электронное строение
|
| 610 |
1 |
|
|a редкоземельные элементы
|
| 610 |
1 |
|
|a химические связи
|
| 610 |
1 |
|
|a библиотека А. Г. Стромберга
|
| 675 |
|
|
|a 544.18
|v 3
|
| 700 |
|
1 |
|a Губанов
|b В. А.
|g Владимир Александрович
|
| 701 |
|
1 |
|a Курмаев
|b Э. З.
|g Эрнст Загидович
|
| 701 |
|
1 |
|a Ивановский
|b А. Л.
|g Александр Леонидович
|
| 702 |
|
1 |
|a Вонсовский
|b С. В.
|4 340
|
| 712 |
0 |
2 |
|a Академия наук СССР
|b Уральский научный центр
|b Институт химии
|2 stltpush
|3 (RuTPU)RU\TPU\col\11548
|
| 801 |
|
1 |
|a RU
|b 63413507
|c 20070615
|g PSBO
|
| 801 |
|
2 |
|a RU
|b 63413507
|c 20171005
|g PSBO
|
| 942 |
|
|
|c BK
|